000 00345 a2200121 4500
001 ART_48492
005 20260410162042.0
008 260409a
245 1 0 _aGanancias de la tercera categoría, ley 27.430
100 1 _aBalán, Osvaldo
700 1 _aBello, Alberto M.
773 0 _tImpuestos
_g- N°44 (ene. 2019)
_wREV45175
999 _c34957
_d34957